000 00466nam a2200181Ia 4500
001 11563
005 20260306162837.0
008 260306t1982||||xx |||||||||||||| ||spa||
041 _aESP
082 _a985.09
_bT48
100 _aThorndike Losada, Guillermo,
_eAUT
245 0 _aLos apachurrantes años 50 :
_btaller de creación colectiva
260 _c1982
300 _a187 páginas :
_c27 cm.
650 _aGEN
654 _aCHU
942 _cLIB
_dJUS
_fJUS
_2ddc
_n
999 _c11563
_d11563